Tonalidad en las noticias: su implicación en los derechos humanos /
En este artículo se parte de la concepción diferenciada entre libertad de expresión y derecho a la información, para realizar un análisis de algunas prácticas de periodistas o medios de comunicación que presentan una información "amarillista o roja"; lo cual refleja abusos en la forma de e...
Uloženo v:
| Hlavní autor: | |
|---|---|
| Médium: | Text |
| Témata: | |
| Tagy: |
Přidat tag
Žádné tagy, Buďte první, kdo vytvoří štítek k tomuto záznamu!
|
MARC
| LEADER | 00000 a a2200000 04500 | ||
|---|---|---|---|
| 001 | 41310 | ||
| 003 | |||
| 040 | |||
| 100 | |a Mora, Marlón | ||
| 245 | |a Tonalidad en las noticias: |b su implicación en los derechos humanos / |c Marlón Mora | ||
| 520 | |a En este artículo se parte de la concepción diferenciada entre libertad de expresión y derecho a la información, para realizar un análisis de algunas prácticas de periodistas o medios de comunicación que presentan una información "amarillista o roja"; lo cual refleja abusos en la forma de exponer las noticias, resultando en una ofensa a los derechos humanos de las personas. | ||
| 590 | |a SJB/AGOSTO2011 | ||
| 650 | |a ACCESO A LA INFORMACION | ||
| 650 | |a LIBERTAD DE OPINION | ||
| 650 | |a LIBERTAD DE INFORMACION | ||
| 650 | |a MEDIOS DE COMUNICACION | ||
| 650 | |a PUBLICACIONES | ||
| 650 | |a DERECHOS HUMANOS | ||
| 773 | |g número12 (2006), páginas 62-73 | ||
| 999 | |c 25051 |d 25051 | ||
